| 000 | 00600nam a2200193 a 4500 | ||
|---|---|---|---|
| 005 | 20260204064122.0 | ||
| 008 | 991125s1945 ea 000 0 eng u | ||
| 035 | _aUPN01000037010 | ||
| 049 | _aCG | ||
| 050 | 4 |
_aPC4066 _bB4.4 |
|
| 100 | 1 | _aBedichek, Lillian Greer | |
| 245 | 1 | 0 |
_aMastering spanish / _cby Lillian Greer Bedichek and Arturo L. Campa. |
| 260 |
_aNew York : _bMacMillan, _c1945. |
||
| 300 |
_a526 p. : _bil. |
||
| 440 | 0 | _aInter-american series | |
| 650 | 4 |
_aEspañol _xEstudio y enseñanza _xEstudiantes estadounidenses _93919 |
|
| 700 | 1 |
_aCampa, Arturo L., _ecoaut. |
|
| 905 | _aLibro | ||
| 999 |
_c37010 _d37010 |
||